Dopad štvrtej priemyselnej revolúcie na vedenie ľudí bakalárska práca

Guardado en:
Detalles Bibliográficos
Autor principal: Sečanská, Terézia
Autor Corporativo: Fakulta podnikového manažmentu EU. Katedra manažmentu
Otros Autores: Puhovichová, Diana, 1994-
Formato: Libro
Lenguaje:eslovaco
Publicado: Bratislava 2022
Etiquetas: Agregar Etiqueta
Sin Etiquetas, Sea el primero en etiquetar este registro!

MARC

LEADER 00000nbm a2200000 4500
001 0285666
005 20230221142958.7
041 0 |a slo 
044 |a SK 
245 1 0 |a Dopad štvrtej priemyselnej revolúcie na vedenie ľudí  |b bakalárska práca  |c Terézia Sečanská ; školiteľ: Diana Puhovichová 
264 1 |a Bratislava  |c 2022 
300 |a 70 s. 
100 1 |a Sečanská, Terézia 
700 1 |a Puhovichová, Diana, 1994- 
710 2 |a Fakulta podnikového manažmentu EU. Katedra manažmentu